000 00597nam a22002177a 4500
005 20251108174702.0
008 250721s9999 xx 000 0 ara d
082 1 4 _aط/372.21/أسر
100 1 _aمستو، فراس
_eرسام
245 1 0 _aأسرتي /
246 1 1 _amy family
264 1 _aدمشق :
_bدار سفير،
300 _a8ص.
490 0 _aتعلم مع فراس و فرح
650 1 7 _aالتعلم
650 1 7 _aالتربيه
650 1 7 _aرياض الاطفال
653 _a(0-5) اطفال ما قبل المدرسه
942 _2ddc
_cBK
999 _c115434
_d115434